| 000 | 02122nam a2200397 a 4500 | ||
|---|---|---|---|
| 001 | 000021054 | ||
| 003 | DO-SdBNP | ||
| 005 | 20240322190118.0 | ||
| 006 | a||||gr|||| 00| 0 | ||
| 007 | ta | ||
| 008 | 100830e1992 dr a 000 0 spa d | ||
| 040 |
_aDO-SdBNP _bspa _cBNPHU _erda |
||
| 082 | 4 |
_a686 _bH557i, 1992 _222 |
|
| 100 | 1 |
_aHernández, Vinicio _92783 _eautor |
|
| 245 | 1 | 3 |
_aLa imprenta : _bsu evolución ligada al desarrollo de los pueblos / _cVinicio Hernández ; prólogo, Haffe Serulle; ilustraciones, Leonor Bello y Juan Domingo Díaz. |
| 250 | _a2a edición | ||
| 264 |
_aSanto Domingo : _bTele-3, _c1992. |
||
| 300 |
_a209 páginas : _bIlustraciones, retratos ; _c28 cm. |
||
| 336 |
_2rdacontent _atexto _btxt |
||
| 337 |
_2rdamedia _asin mediación _bn |
||
| 338 |
_2rdacarrier _avolumen _bnc |
||
| 500 | _aIncluye datos biográficos del autor en la solapa de la cubierta. | ||
| 500 | _aIncluye términos técnicos en artes gráficas, páginas 169 - 212. | ||
| 504 | _aBibliografía: páginas 213 - 2014. | ||
| 505 | 2 | _aASPECTOS GENERALES SOBRE LA INDUSTRIA GRAFICA -- Origen y evolución de la industria gráfica -- EL ESPEJISMO DEL PAPEL -- Las diferentes etapas del papel -- LA IMPORTANCIA DEL COLOR -- El color en el proceso de impresión -- EL PROCESO DE LA IMPRESION MODERNA -- De la entrega del original al impreso -- LAS PLANCHAS OFFSET -- Procesado de planchas para offset -- EL CAUCHO AL SERVICIO DE LA IMPRESION OFFSET -- Las mantillas de caucho en la impresión offset -- LOS PASOS DE LA IMPRESION -- Indicaciones básicas para la impresión -- LOS PROBLEMAS EN LA TIRADA -- Causas y soluciones de los problemas en la tirada -- La magia de la imposición. | |
| 590 | _aInventariado 2023 / MF | ||
| 650 | 4 |
_aImpresión (artes gráficas) _944034 |
|
| 650 | 4 |
_aIndustria gráfica _944035 |
|
| 650 | 4 |
_aArtes gráficas _xTénica _944036 |
|
| 650 | 4 |
_aImprenta _95083 |
|
| 650 | 4 |
_aImpresión offset _944037 |
|
| 700 | 1 |
_aSerulle, Haffe, _d1947- _epról. _922959 |
|
| 700 |
_aBello, Leonor, _eilustrador _97178 |
||
| 700 | 1 |
_aDomingo Díaz, Juan, _eilustrador _984691 |
|
| 942 |
_2ddc _cLBS1 |
||
| 999 |
_c20557 _d20557 |
||